| 000 | 00908 a2200217 4500 | ||
|---|---|---|---|
| 020 | _a0256202621 | ||
| 020 | _a9780256202625 | ||
| 082 | 0 | 4 | _a650 |
| 090 |
_c1834 _d1834 |
||
| 100 | 1 | _aFerrell, O. C. | |
| 245 | 1 | 0 |
_aBusiness : _ba changing world / _cO. C. Ferrell. |
| 250 | _a2nd ed. | ||
| 260 |
_a[S.l.] : _bBusiness Pubns, _c1996. |
||
| 300 |
_a576 p. ; _c26 cm. |
||
| 500 | _aPaperback. | ||
| 520 | _aThis text emphasizes the nature of business and the trends that should change how business is conducted in the 21st century. Topics covered include: global, quality, diversity, productivity, technology, business ethics and responsibility issues. | ||
| 700 | 1 | _aHirt, Geoffrey. | |
| 856 | 4 | 0 |
_3Amazon.com _uhttp://www.amazon.com/exec/obidos/ASIN/0256202621/chopaconline-20 |
| 856 | 4 | 0 |
_3Amazon customer reviews _uhttp://www.chopac.org/cgi-bin/tools/azrev.pl?q=0256202621 |
| 942 |
_aNBS _cBK _k650 FER |
||
| 999 |
_c344345 _d344345 |
||